حيوان له تاريخ في خدمة الأنبياء / (Record no. 16260)

MARC details
000 -الفاتح
عناصر البيانات ثابتة الطول 00606cam a2200169 i 4500
005 - تاريخ ووقت آخر معاملة
حقل ضبط 20251127120629.0
008 - عناصر البيانات ثابتة الطول
عناصر البيانات ثابتة الطول 250721s1973 ua gr 000 0 ara d
082 14 - رقم تصنيف ديوي العشري
رقم التصنيف 211.9
رقم المادة ا ح م.
100 1# - مدخل رئيسي – اسم شخصي
الاسم الشخصي بهجت، أحمد
علاقة الشخص بالعمل/ دوره مؤلف.
245 10 - بيان العنوان
العنوان حيوان له تاريخ في خدمة الأنبياء /
بيان المسؤولية احمد بهجت.
250 ## - بيان الطبعة
بيان الطبعة الطبعة الاولى.
264 1# - بيانات النشر، التوزيع…إلخ
مكان النشر، التوزيع...إلخ القاهره :
اسم الناشر، الموزع...إلخ المختار الإسلامي للطباعه و النشر و التوزيع،
تاريخ النشر، التوزيع...إلخ 1973.
300 ## - الوصف المادي
عدد الوحدات المكونة للوعاء 159صفحة.
650 17 - مدخل إضافي بالموضوع - مصطلح موضوعي
مصطلح موضوعي أو اسم جغرافي كعنصر مدخل القرآن الكريم.
942 ## - بيانات إضافية (كوها)
نوع التنصيف Dewey Decimal Classification
نوع المادة (كوها) Books
Holdings
حالة السحب حالة الفقدان مصدر التصنيف حالة التلف غير قابل للإعارة المكتبة الرئيسية المكتبة الحالية موقع الرف تاريخ التزويد الرقم المتسلسل Total Checkouts رقم الإستدعاء الباركود تاريخ آخر ظهور تاريخ الفاتورة نوع المادة (كوها)
    Dewey Decimal Classification     المكتبة المركزية المكتبة المركزية الإعارة 06/07/2004 51413   211.9 / ا ح م DUP-01_51413 28/07/2025 06/07/2004 Books
Implemented & Customized by: BBB with SCIT (Smart Chains for Information Technology)

Powered by Koha